| 000 | 00873nam0a22002531 4500 | ||
|---|---|---|---|
| 001 | rc\87710 | ||
| 005 | 20250620174751.0 | ||
| 035 | _a(NLR Aleph) 005355051 | ||
| 090 |
_a6837953 _c6837953 |
||
| 100 | _a20021216d1993 |||y0rusy50 ca | ||
| 101 | 0 | _arus | |
| 102 | _aRU | ||
| 105 | _aa ||||||||| | ||
| 200 | 1 |
_aПрямая фотоионизация возбужденного гелия _fС. Данзан, Б. Жадамба, О. Лхагва и др. |
|
| 210 |
_aДубна _cОИЯИ _d1993 |
||
| 215 |
_a22 с. _cграф. _d22 |
||
| 225 | 1 |
_aСообщения Объединенного института ядерных исследований _vР4-93-198 |
|
| 320 | _aБиблиогр.: с. 21-22 (37 назв.) | ||
| 701 | 1 |
_aДанзан _bС. |
|
| 801 | 0 |
_aRU _bNLR _gpsbo |
|
| 801 | 1 |
_aRU _bELAR _2rusmarc |
|
| 852 |
_aNLR _j93-6/578 |
||
| 942 | _cBOOK | ||
| 980 | _aNB | ||